[Event "V. Korchnoi Memorial 2019"]
[Site "St. Petersburg"]
[Date "2019.08.18"]
[Round "5.2"]
[White "Vokhidov, Shamsiddin"]
[Black "Chigaev, Maksim"]
[Result "*"]
[WhiteElo "2512"]
[BlackElo "2643"]
[Annotator "TA"]
[PlyCount "80"]
[EventDate "2019.08.13"]
[EventType "swiss"]
[EventCountry "RUS"]
[SourceTitle "playchess.com"]
[Source "ChessBase"]
[SourceQuality "1"]

{[%evp 16,80,21,0,0,0,6,14,15,15,20,31,19,27,32,0,0,0,0,-13,-10,-12,-20,-17,-19,-40,-13,-13,-16,-33,-33,-219,-65,-65,0,0,0,0,0,0,0,0,0,0,0,0,0,0,0,0,0,0,0,0,0,0,0,0,0,0,0,0,0,0,0,0,0]} 1. e4 e5 2. Nf3 Nc6 3. Nc3 Nf6 4. Bb5 Bb4 5. O-O O-O 6. d3 Bxc3 7. bxc3 d6 8. Bg5 Ne7 9. Bc4 Ng6 {C49: Four Knights: 4 Bb5 Bb4} 10. Nh4 Kh8 (10... Nf4 11. Bb3 a5 12. a3 a4 13. Ba2 Be6 14. Bxf4 exf4 15. Nf3 Bg4 16. Rb1 b6 17. h3 {½-½ (30) Mamedov,N (2602)-Kotsur,P (2550) Al Ain 2012}) 11. Nxg6+ fxg6 12. f4 h6 13. Bxf6 Rxf6 $146 ({Predecessor:} 13... gxf6 14. f5 Qe8 15. Rf3 g5 16. Rh3 Kg7 17. Rb1 Rh8 18. Rh5 b6 19. Bd5 Rb8 20. Qe2 Bd7 21. Rf1 Qe7 22. h4 {½-½ (22) Bove,A (2358)-Saccone,F (2318) Bratto 2013}) 14. fxe5 dxe5 15. Qd2 Kh7 16. Qe3 Qe7 17. Rab1 b6 18. Bd5 Rb8 19. a4 a5 20. Rxf6 gxf6 21. c4 Bd7 22. c5 $1 {[%cal Rc5b6]} Bxa4 23. c3 $2 (23. cxb6 $15 cxb6 24. c4) 23... Qd8 $2 ({Black should try} 23... c6 $19 24. Ba2 b5) 24. cxb6 $15 cxb6 ({Black should play} 24... Rxb6 $15 25. Ra1 Bd7) 25. d4 $1 $11 {The position is equal.} Be8 26. dxe5 fxe5 27. c4 Kg7 28. c5 {[%cal Rc5b6]} bxc5 29. Rxb8 Qxb8 30. Qxc5 {[#] aiming for Qe7+.} Qd8 31. Qa7+ Kh8 32. Qc5 Kg7 33. Qa7+ Kf6 34. Qf2+ Kg7 35. Qa7+ Kh8 36. Qc5 {[#] Intending Qf8+ and mate.} Kg7 37. Qa7+ Kh8 38. Qc5 {Threatening mate with Qf8+.} Kg7 39. Qa7+ Kh8 40. Qc5 {White wants to mate with Qf8+.} Kg7 {Accuracy: White = 80%, Black = 57%.} *

[Event "V. Korchnoi Memorial 2019"]
[Site "St. Petersburg"]
[Date "2019.08.18"]
[Round "5.3"]
[White "Zvjaginsev, Vadim"]
[Black "Iljiushenok, Ilia"]
[Result "1/2-1/2"]
[WhiteElo "2639"]
[BlackElo "2533"]
[Annotator "TA"]
[PlyCount "82"]
[EventDate "2019.08.13"]
[EventType "swiss"]
[EventCountry "RUS"]
[SourceTitle "playchess.com"]
[Source "ChessBase"]
[SourceQuality "1"]

{[%evp 11,82,13,23,17,20,13,9,6,26,0,10,16,20,1,0,6,12,12,12,12,0,0,0,0,0,-11,0,0,10,-42,15,19,28,20,56,52,23,33,93,95,134,141,124,0,0,0,0,0,0,0,0,0,0,0,0,0,0,0,0,0,13,0,0,0,0,0,643,0,0,0,0,0,0]} 1. e4 c5 2. Nf3 d6 3. Bb5+ Nd7 4. O-O a6 5. Bxd7+ Bxd7 6. Re1 Nf6 7. e5 {B51: Sicilian: Moscow Variation (3 Bb5+) without 3...Bd7} dxe5 8. Nxe5 e6 9. d3 Bd6 10. Bf4 {Threatening Nxf7!} Bxe5 $146 ({Predecessor:} 10... Be7 11. Qf3 Bc8 12. a4 O-O 13. Nc3 Nd5 14. Bg3 Nb4 {1-0 (40) Zvjaginsev,V (2660)-Motylev,A (2649) Berlin 2015}) 11. Bxe5 Bc6 12. Nc3 O-O 13. a4 b6 14. Qe2 Nd7 15. Bg3 Re8 16. Ne4 e5 17. Qh5 {Strongly threatening Ng5.} Qe7 18. Qh4 Qf8 19. f4 f5 20. Nf2 (20. Nd2 $11) 20... e4 (20... exf4 $15 21. Qxf4 Qf6) 21. dxe4 $11 Bxe4 22. Nxe4 fxe4 23. Qh3 Nf6 24. Bh4 Rad8 (24... Qd6 $14) 25. Qb3+ $16 {[%mdl 64] Double Attack} Kh8 26. Qxb6 Rd2 {Black wants to play ...Nd5.} 27. Bxf6 (27. Qxa6 $16 {Bxf6 is the strong threat.} Nd5 28. Re2) 27... Qxf6 $11 28. Qxc5 Qg6 {[%csl Gd2][%cal Rg6g2]} 29. Qg5 Qb6+ 30. Kh1 e3 31. h3 Rxc2 32. b4 h6 33. Qg3 Rb2 34. b5 axb5 35. a5 Qa7 36. a6 b4 37. f5 Rf2 38. Qg6 Re7 $2 {[%mdl 8192] [#]} (38... Rf8 $11 39. Qe6 Qa8) 39. Qd6 $2 (39. Rec1 $1 $18 {[%cal Rc1c8] Threatening mate with Rc8+.} Qa8 {[#]} 40. a7 $1 {[%mdl 512]}) 39... Rxf5 {The position is equal.} 40. Qxb4 e2 41. Qc4 {aiming for Qc8+.} Rfe5 {Accuracy: White = 72%, Black = 58%.} 1/2-1/2

[Event "V. Korchnoi Memorial 2019"]
[Site "St. Petersburg"]
[Date "2019.08.18"]
[Round "5.4"]
[White "Kovalchuk, Alexey"]
[Black "Gareyev, Timur"]
[Result "0-1"]
[WhiteElo "2383"]
[BlackElo "2600"]
[Annotator "ChessBase"]
[PlyCount "58"]
[EventDate "2019.08.13"]
[EventType "swiss"]
[EventCountry "RUS"]
[SourceTitle "playchess.com"]
[Source "ChessBase"]
[SourceQuality "1"]
[TimeControl "5400+30"]

1. e4 {[%emt 0:25:35]} e5 {[%emt 0:02:47]} 2. Nf3 {[%emt 0:03:39]} Nc6 {[%emt 0:05:09]} 3. Bc4 {[%emt 0:01:02]} Bc5 {[%emt 0:00:14]} 4. d3 {[%emt 0:00:24]} d6 {[%emt 0:00:53]} 5. c3 {[%emt 0:00:25]} Qf6 {[%emt 0:02:35]} 6. O-O {[%emt 0:05:59]} Nge7 {[%emt 0:39:48]} 7. b4 {[%emt 0:18:47]} Bb6 {[%emt 0:00:02]} 8. a4 {[%emt 0:00:12]} a6 {[%emt 0:00:18]} 9. Bb3 {[%emt 0:01:56]} O-O {[%emt 0:04:17]} 10. Nbd2 {[%emt 0:00:27]} Ba7 {[%emt 0:01:19]} 11. Nc4 {[%emt 0:13:02]} Bg4 {[%emt 0:04:38]} 12. b5 {[%emt 0:02:20]} Nd8 {[%emt 0:01:48]} 13. Be3 {[%emt 0:04:02]} Ne6 {[%emt 0:02:40]} 14. Ncd2 {[%emt 0:07:30]} Nf4 {[%emt 0:00:44]} 15. d4 {[%emt 0:01:39]} Neg6 {[%emt 0:00:31]} 16. bxa6 {[%emt 0:05:55]} bxa6 {[%emt 0:00:47]} 17. Bc4 {[%emt 0:00:13]} Nh4 {[%emt 0:15:00]} 18. Bxf4 {[%emt 0:00:28]} Qxf4 {[%emt 0:00:03]} 19. Be2 {[%emt 0:00:09]} Nxf3+ {[%emt 0:02:30]} 20. Nxf3 {[%emt 0:01:29]} Qxe4 {[%emt 0:00:30]} 21. dxe5 {[%emt 0:02:39]} dxe5 {[%emt 0:00:20]} 22. Bxa6 {[%emt 0:00:07]} Rad8 {[%emt 0:05:59]} 23. Qe2 {[%emt 0:01:20]} Qg6 {[%emt 0:00:25]} 24. Bb7 {[%emt 0:00:50]} c6 {[%emt 0:01:32]} 25. Rfe1 {[%emt 0:00:24]} Rd7 {[%emt 0:01:37]} 26. Rab1 {[%emt 0:01:34]} Re7 {[%emt 0:01:54]} 27. Rb4 {[%emt 0:00:52]} e4 {[%emt 0:00:32]} 28. Nh4 {[%emt 0:00:21]} Qg5 {[%emt 0:00:10]} 29. Qa6 {[%emt 0:00:14]} Bxf2+ {[%emt 0:01:01]} 0-1

[Event "V. Korchnoi Memorial 2019"]
[Site "St. Petersburg"]
[Date "2019.08.18"]
[Round "5.5"]
[White "Goganov, Aleksey"]
[Black "Bryakin, Mikhail"]
[Result "1-0"]
[WhiteElo "2564"]
[BlackElo "2428"]
[Annotator "ChessBase"]
[PlyCount "81"]
[EventDate "2019.08.13"]
[EventType "swiss"]
[EventCountry "RUS"]
[SourceTitle "playchess.com"]
[Source "ChessBase"]
[SourceQuality "1"]
[TimeControl "5400+30"]

1. d4 {[%emt 0:00:00]} d5 {[%emt 0:00:00]} 2. c4 {[%emt 0:00:00]} c6 {[%emt 0:00:00]} 3. Nf3 {[%emt 0:00:00]} Nf6 {[%emt 0:00:00]} 4. e3 {[%emt 0:00:00]} Bf5 {[%emt 0:00:27]} 5. Nc3 {[%emt 0:00:00]} e6 {[%emt 0:00:31]} 6. Nh4 {[%emt 0:00:00]} Be4 {[%emt 0:00:37]} 7. f3 {[%emt 0:00:07]} Bg6 {[%emt 0:00:07]} 8. Qb3 {[%emt 0:00:13]} Qc7 {[%emt 0:00:18]} 9. Bd2 {[%emt 0:00:23]} Be7 {[%emt 0:00:35]} 10. cxd5 {[%emt 0:00:21]} cxd5 {[%emt 0:00:41]} 11. Nxg6 {[%emt 0:00:05]} hxg6 {[%emt 0:00:06]} 12. O-O-O {[%emt 0:00:06]} Nc6 {[%emt 0:00:54]} 13. Kb1 {[%emt 0:00:16]} a6 {[%emt 0:01:11]} 14. Rc1 {[%emt 0:02:28]} Kf8 {[%emt 0:00:24]} 15. g4 {[%emt 0:09:23]} Na5 {[%emt 0:07:01]} 16. Qd1 {[%emt 0:00:13]} Nc4 {[%emt 0:02:15]} 17. g5 {[%emt 0:00:51]} Ne8 {[%emt 0:06:18]} 18. e4 {[%emt 0:05:01]} Qb6 {[%emt 0:31:06]} 19. Bxc4 {[%emt 0:00:28]} dxc4 {[%emt 0:00:07]} 20. d5 {[%emt 0:02:31]} Qd8 {[%emt 0:03:04]} 21. f4 {[%emt 0:06:21]} Nc7 {[%emt 0:01:34]} 22. Be3 {[%emt 0:00:40]} exd5 {[%emt 0:01:14]} 23. exd5 {[%emt 0:05:35]} Qd7 {[%emt 0:02:20]} 24. Ka1 {[%emt 0:09:19]} Rh3 {[%emt 0:01:47]} 25. Bb6 {[%emt 0:15:28]} Rd3 {[%emt 0:03:22]} 26. Qc2 {[%emt 0:00:23]} Rc8 {[%emt 0:08:55]} 27. Bxc7 {[%emt 0:05:35]} Qxc7 {[%emt 0:01:42]} 28. h4 {[%emt 0:03:10]} Qxf4 {[%emt 0:02:52]} 29. h5 {[%emt 0:00:20]} Bxg5 {[%emt 0:10:47]} 30. hxg6 {[%emt 0:02:46]} Bh6 {[%emt 0:00:17]} 31. Rcf1 {[%emt 0:01:21]} Qd6 {[%emt 0:02:44]} 32. gxf7 {[%emt 0:09:11]} Rc7 {[%emt 0:02:56]} 33. Qa4 {[%emt 0:00:25]} Rxf7 {[%emt 0:06:19]} 34. Qxc4 {[%emt 0:00:41]} Rdf3 {[%emt 0:02:44]} 35. Qc8+ {[%emt 0:00:12]} Ke7 {[%emt 0:00:02]} 36. Re1+ {[%emt 0:02:22]} Re3 {[%emt 0:01:18]} 37. Rxe3+ {[%emt 0:00:40]} Bxe3 {[%emt 0:00:00]} 38. Re1 {[%emt 0:00:10]} Rf3 {[%emt 0:01:13]} 39. Nd1 {[%emt 0:03:29]} Kf7 {[%emt 0:01:09]} 40. Nxe3 {[%emt 0:00:26]} Qb6 {[%emt 0:00:27]} 41. Nc4 {[%emt 0:00:31]} 1-0

[Event "V. Korchnoi Memorial 2019"]
[Site "St. Petersburg"]
[Date "2019.08.18"]
[Round "5.6"]
[White "Borisovsky, Dmitry"]
[Black "Lintchevski, Daniil"]
[Result "1/2-1/2"]
[WhiteElo "2326"]
[BlackElo "2538"]
[Annotator "ChessBase"]
[PlyCount "177"]
[EventDate "2019.08.13"]
[EventType "swiss"]
[EventCountry "RUS"]
[SourceTitle "playchess.com"]
[Source "ChessBase"]
[SourceQuality "1"]
[TimeControl "5400+30"]

1. e4 {[%emt 1:30:30]} c5 {[%emt 1:30:30]} 2. Nf3 {[%emt 0:00:30]} Nc6 {[%emt 0:00:30]} 3. d4 {[%emt 0:00:30]} cxd4 {[%emt 0:00:30]} 4. Nxd4 {[%emt 0:00:30]} Nf6 {[%emt 0:00:30]} 5. Nc3 {[%emt 0:00:30]} e5 {[%emt 0:00:30]} 6. Ndb5 {[%emt 0:00:30]} d6 {[%emt 0:00:30]} 7. Bg5 {[%emt 0:00:30]} a6 {[%emt 0:00:30]} 8. Na3 {[%emt 0:00:30]} Be6 {[%emt 0:00:30]} 9. Nc4 {[%emt 0:00:30]} Rb8 {[%emt 0:00:30]} 10. Nd5 {[%emt 0:00:30]} Bxd5 {[%emt 0:00:30]} 11. exd5 {[%emt 0:00:30]} Ne7 {[%emt 0:00:30]} 12. Bxf6 {[%emt 0:00:30]} gxf6 {[%emt 0:00:30]} 13. a4 {[%emt 0:00:30]} f5 {[%emt 0:00:30]} 14. a5 {[%emt 0:00:30]} Bg7 {[%emt 0:00:30]} 15. g4 {[%emt 0:00:30]} h5 {[%emt 0:00:30]} 16. gxf5 {[%emt 0:00:30]} Nxf5 {[%emt 0:00:30]} 17. Bh3 {[%emt 0:00:30]} Qh4 {[%emt 0:00:30]} 18. Bxf5 {[%emt 0:00:30]} Qxc4 {[%emt 0:00:30]} 19. c3 {[%emt 0:00:30]} b5 {[%emt 0:00:30]} 20. axb6 {[%emt 0:00:30]} Rxb6 {[%emt 0:00:30]} 21. Qa4+ {[%emt 0:00:30]} Qxa4 {[%emt 0:00:30]} 22. Rxa4 {[%emt 0:00:30]} Rxb2 {[%emt 0:00:30]} 23. Rxa6 {[%emt 0:00:30]} e4 {[%emt 0:00:30]} 24. O-O {[%emt 0:00:30]} Bxc3 {[%emt 0:00:30]} 25. Ra8+ {[%emt 0:00:30]} Ke7 {[%emt 0:00:30]} 26. Rxh8 {[%emt 0:00:30]} Bxh8 {[%emt 0:00:30]} 27. Re1 {[%emt 0:00:30]} Be5 {[%emt 0:00:30]} 28. Bxe4 {[%emt 0:00:30]} h4 {[%emt 0:00:30]} 29. h3 {[%emt 0:00:30]} Kf6 {[%emt 0:00:30]} 30. Bf3 {[%emt 0:00:30]} Kg5 {[%emt 0:00:30]} 31. Re2 {[%emt 0:00:30]} Rb4 {[%emt 0:00:30]} 32. Re4 {[%emt 0:00:30]} Rb1+ {[%emt 0:00:30]} 33. Kg2 {[%emt 0:00:30]} f5 {[%emt 0:00:30]} 34. Re2 {[%emt 0:00:30]} Rb4 {[%emt 0:00:30]} 35. Rd2 {[%emt 0:00:30]} Bd4 {[%emt 0:00:30]} 36. Bd1 {[%emt 0:00:30]} Bc5 {[%emt 0:00:30]} 37. Bc2 {[%emt 0:00:30]} Rc4 {[%emt 0:00:30]} 38. Bb3 {[%emt 0:00:30]} Rc3 {[%emt 0:00:30]} 39. Ba4 {[%emt 0:00:30]} Ra3 {[%emt 0:00:30]} 40. Bd7 {[%emt 0:00:30]} Rb3 {[%emt 0:00:30]} 41. Rc2 {[%emt 0:00:30]} Rd3 {[%emt 0:00:30]} 42. Be6 {[%emt 0:00:30]} f4 {[%emt 0:00:30]} 43. Bg4 {[%emt 0:00:30]} Rxd5 {[%emt 0:00:30]} 44. Bf3 {[%emt 0:00:30]} Rd3 {[%emt 0:00:30]} 45. Re2 {[%emt 0:00:30]} Bd4 {[%emt 0:00:30]} 46. Re8 {[%emt 0:00:30]} d5 {[%emt 0:00:30]} 47. Re2 {[%emt 0:00:30]} Bf6 {[%emt 0:00:30]} 48. Ra2 {[%emt 0:00:30]} Kf5 {[%emt 0:00:30]} 49. Re2 {[%emt 0:00:30]} Bc3 {[%emt 0:00:30]} 50. Bg4+ {[%emt 0:00:30]} Kg5 {[%emt 0:00:30]} 51. Ra2 {[%emt 0:00:30]} Bb4 {[%emt 0:00:30]} 52. Re2 {[%emt 0:00:30]} Bc3 {[%emt 0:00:30]} 53. Rc2 {[%emt 0:00:30]} Be5 {[%emt 0:00:30]} 54. Be2 {[%emt 0:00:30]} Rd4 {[%emt 0:00:30]} 55. Bf3 {[%emt 0:00:30]} Kf6 56. Rc6+ {[%emt 0:00:30]} Ke7 {[%emt 0:01:00]} 57. Bg4 {[%emt 0:00:30]} Bd6 {[%emt 0:00:30]} 58. Rc2 {[%emt 0:00:30]} Rd3 {[%emt 0:00:30]} 59. Be2 {[%emt 0:00:30]} Ra3 {[%emt 0:00:30]} 60. Rd2 {[%emt 0:00:30]} Ra5 {[%emt 0:00:30]} 61. Kf3 {[%emt 0:00:30]} Ke6 {[%emt 0:00:30]} 62. Kg4 {[%emt 0:00:30]} Bb4 {[%emt 0:00:30]} 63. Rb2 {[%emt 0:00:30]} Bc3 {[%emt 0:00:30]} 64. Rc2 {[%emt 0:00:30]} d4 {[%emt 0:00:30]} 65. Bc4+ {[%emt 0:00:30]} Kd6 {[%emt 0:00:30]} 66. Kxf4 {[%emt 0:00:30]} Ra4 {[%emt 0:00:30]} 67. Bd3 {[%emt 0:00:30]} Ra3 {[%emt 0:00:30]} 68. Ke4 {[%emt 0:00:30]} Ra1 {[%emt 0:00:30]} 69. Be2 {[%emt 0:00:30]} Kc5 {[%emt 0:00:30]} 70. Kd3 {[%emt 0:00:30]} Kb4 {[%emt 0:00:30]} 71. Bg4 {[%emt 0:00:30]} Ra3 {[%emt 0:00:30]} 72. Bf5 {[%emt 0:00:30]} Ra5 {[%emt 0:00:30]} 73. Bg4 {[%emt 0:00:30]} Ra1 {[%emt 0:00:30]} 74. Re2 {[%emt 0:00:30]} Ra3 {[%emt 0:00:30]} 75. Re8 {[%emt 0:00:30]} Ba1+ {[%emt 0:00:30]} 76. Kd2 {[%emt 0:00:30]} Ra2+ {[%emt 0:00:30]} 77. Kd3 {[%emt 0:00:30]} Rxf2 {[%emt 0:00:30]} 78. Rb8+ {[%emt 0:00:30]} Kc5 {[%emt 0:00:30]} 79. Rc8+ {[%emt 0:00:30]} Kd6 {[%emt 0:00:30]} 80. Rd8+ {[%emt 0:00:30]} Ke7 {[%emt 0:00:30]} 81. Rh8 {[%emt 0:00:30]} Ra2 {[%emt 0:00:30]} 82. Rxh4 {[%emt 0:00:30]} Ra3+ {[%emt 0:00:30]} 83. Kc4 {[%emt 0:00:30]} Rc3+ {[%emt 0:00:30]} 84. Kb4 {[%emt 0:00:30]} Rc1 {[%emt 0:00:30]} 85. Rh5 {[%emt 0:00:30]} d3 {[%emt 0:00:30]} 86. Rd5 {[%emt 0:00:30]} d2 {[%emt 0:00:30]} 87. Kb3 {[%emt 0:00:30]} Bc3 {[%emt 0:00:30]} 88. Rd3 {[%emt 0:00:30]} Ba5 {[%emt 0:00:30]} 89. Rd5 {[%emt 0:00:30]} 1/2-1/2

[Event "V. Korchnoi Memorial 2019"]
[Site "St. Petersburg"]
[Date "2019.08.18"]
[Round "5.7"]
[White "Sorokin, Aleksey"]
[Black "Yatzenko, Anton"]
[Result "0-1"]
[WhiteElo "2537"]
[BlackElo "2360"]
[Annotator "ChessBase"]
[PlyCount "52"]
[EventDate "2019.08.13"]
[EventType "swiss"]
[EventCountry "RUS"]
[SourceTitle "playchess.com"]
[Source "ChessBase"]
[SourceQuality "1"]
[TimeControl "5400+30"]

1. d4 {[%emt 0:00:00]} d5 {[%emt 0:00:00]} 2. c4 {[%emt 0:00:00]} dxc4 {[%emt 0:00:00]} 3. e3 {[%emt 0:01:07]} e5 {[%emt 0:00:00]} 4. Bxc4 {[%emt 0:01:12]} exd4 {[%emt 0:00:00]} 5. exd4 {[%emt 0:00:11]} Bd6 {[%emt 0:00:13]} 6. Nf3 {[%emt 0:00:26]} Nf6 {[%emt 0:00:05]} 7. O-O {[%emt 0:03:09]} O-O {[%emt 0:00:05]} 8. h3 {[%emt 0:00:49]} h6 {[%emt 0:00:13]} 9. Nc3 {[%emt 0:00:33]} Nc6 {[%emt 0:00:06]} 10. Qc2 {[%emt 0:00:39]} a6 {[%emt 0:00:35]} 11. a3 {[%emt 0:04:37]} Ne7 {[%emt 0:00:07]} 12. Ne4 {[%emt 0:08:34]} Nxe4 {[%emt 0:03:06]} 13. Qxe4 {[%emt 0:00:17]} c6 {[%emt 0:01:10]} 14. Ne5 {[%emt 0:07:57]} Bf5 {[%emt 0:03:02]} 15. Qf3 {[%emt 0:00:50]} Bxe5 {[%emt 0:06:44]} 16. dxe5 {[%emt 0:00:08]} Qd4 {[%emt 0:00:06]} 17. Qe2 {[%emt 0:06:47]} Rad8 {[%emt 0:04:08]} 18. e6 {[%emt 0:02:25]} fxe6 {[%emt 0:06:40]} 19. Bxe6+ {[%emt 0:02:13]} Kh8 {[%emt 0:02:48]} 20. Ba2 {[%emt 0:09:45]} Bd3 {[%emt 0:10:13]} 21. Qxe7 {[%emt 0:10:52]} Bxf1 {[%emt 0:00:26]} 22. Be3 {[%emt 0:00:10]} Qxb2 {[%emt 0:00:08]} 23. Rd1 {[%emt 0:04:24]} Rde8 {[%emt 0:00:40]} 24. Qh4 {[%emt 0:00:24]} Rxe3 {[%emt 0:01:13]} 25. Rxf1 {[%emt 0:00:45]} Rc3 {[%emt 0:01:51]} 26. Qd4 {[%emt 0:04:25]} Rc2 {[%emt 0:01:11]} 0-1

[Event "V. Korchnoi Memorial 2019"]
[Site "St. Petersburg"]
[Date "2019.08.18"]
[Round "5.8"]
[White "Protopopova, Anastasiya"]
[Black "Gasanov, Eldar"]
[Result "0-1"]
[WhiteElo "2274"]
[BlackElo "2475"]
[Annotator "ChessBase"]
[PlyCount "70"]
[EventDate "2019.08.13"]
[EventType "swiss"]
[EventCountry "RUS"]
[SourceTitle "playchess.com"]
[Source "ChessBase"]
[SourceQuality "1"]
[TimeControl "5400+30"]

1. d4 {[%emt 0:00:00]} Nf6 {[%emt 0:00:00]} 2. c4 {[%emt 0:00:00]} Nc6 {[%emt 0:00:08]} 3. Nf3 {[%emt 0:00:00]} e6 {[%emt 0:00:11]} 4. e3 {[%emt 0:00:36]} g6 {[%emt 0:06:09]} 5. Nc3 {[%emt 0:06:14]} Bg7 {[%emt 0:04:05]} 6. Be2 {[%emt 0:03:03]} O-O {[%emt 0:03:59]} 7. O-O {[%emt 0:00:21]} d5 {[%emt 0:02:09]} 8. a3 {[%emt 0:06:24]} Qe7 {[%emt 0:08:34]} 9. b4 {[%emt 0:10:09]} dxc4 {[%emt 0:01:42]} 10. Bxc4 {[%emt 0:00:13]} e5 {[%emt 0:02:37]} 11. b5 {[%emt 0:02:50]} exd4 {[%emt 0:02:23]} 12. exd4 {[%emt 0:01:26]} Na5 {[%emt 0:01:27]} 13. Ba2 {[%emt 0:00:06]} Qd6 {[%emt 0:09:25]} 14. Re1 {[%emt 0:11:10]} c5 {[%emt 0:13:43]} 15. a4 {[%emt 0:07:07]} c4 {[%emt 0:03:03]} 16. Bb1 {[%emt 0:03:15]} Qd8 {[%emt 0:05:06]} 17. Ba3 {[%emt 0:10:43]} Re8 {[%emt 0:00:35]} 18. h3 {[%emt 0:02:04]} Nb3 {[%emt 0:06:26]} 19. Ra2 {[%emt 0:00:29]} Rxe1+ {[%emt 0:00:57]} 20. Qxe1 {[%emt 0:00:14]} Be6 {[%emt 0:02:05]} 21. Bb2 {[%emt 0:05:28]} Nxd4 {[%emt 0:05:06]} 22. Nxd4 {[%emt 0:03:33]} Qxd4 {[%emt 0:00:14]} 23. Ne4 {[%emt 0:02:16]} Qd8 {[%emt 0:00:34]} 24. Nc5 {[%emt 0:05:54]} Bd5 {[%emt 0:01:13]} 25. Bc3 {[%emt 0:02:36]} Qc7 {[%emt 0:03:22]} 26. Bd4 {[%emt 0:01:47]} Ng4 {[%emt 0:02:25]} 27. hxg4 {[%emt 0:01:35]} Bxd4 {[%emt 0:00:05]} 28. Ne4 {[%emt 0:00:14]} c3 {[%emt 0:00:35]} 29. Rc2 {[%emt 0:01:29]} Qe5 {[%emt 0:01:11]} 30. Re2 {[%emt 0:01:17]} Bc4 {[%emt 0:01:11]} 31. Rc2 {[%emt 0:02:45]} f5 {[%emt 0:03:09]} 32. Rxc3 {[%emt 0:00:33]} Bxc3 {[%emt 0:00:50]} 33. Qxc3 {[%emt 0:00:17]} Qxc3 {[%emt 0:00:08]} 34. Nxc3 {[%emt 0:00:05]} Re8 {[%emt 0:00:50]} 35. Kh2 {[%emt 0:02:43]} Re1 {[%emt 0:00:53]} 0-1

[Event "V. Korchnoi Memorial 2019"]
[Site "St. Petersburg"]
[Date "2019.08.18"]
[Round "5.9"]
[White "Mokshanov, Alexey"]
[Black "Lesovoi, Evgenij"]
[Result "1/2-1/2"]
[WhiteElo "2447"]
[BlackElo "2337"]
[Annotator "NA"]
[PlyCount "82"]
[EventDate "2019.08.13"]
[EventType "swiss"]
[EventCountry "RUS"]
[SourceTitle "playchess.com"]
[Source "ChessBase"]
[SourceQuality "1"]
[TimeControl "5400+30"]

1. e4 {[%emt 0:00:00]} c6 {[%emt 0:00:10]} 2. d4 {[%emt 0:00:00]} d5 {[%emt 0:00:06]} 3. e5 {[%emt 0:00:00]} Bf5 {[%emt 0:01:21]} 4. Nf3 {[%emt 0:00:00]} e6 {[%emt 0:00:22]} 5. Be2 {[%emt 0:00:05]} Ne7 {[%emt 0:01:11]} 6. O-O {[%emt 0:00:13]} Nd7 {[%emt 0:00:45]} 7. Nbd2 {[%emt 0:07:10]} h6 {[%emt 0:01:11]} 8. Nb3 {[%emt 0:01:17]} g5 {[%emt 0:01:17]} 9. Re1 {[%emt 0:03:15]} Bg7 {[%emt 0:04:25]} 10. a4 {[%emt 0:05:34]} Qc7 {[%emt 0:06:42]} 11. a5 $11 {[%emt 0:02:01]} f6 {[%emt 0:05:38]} 12. exf6 {[%emt 0:14:25]} Bxf6 {[%emt 0:00:35]} 13. Bd3 {[%emt 0:05:06]} O-O {[%emt 0:05:57]} 14. Bxf5 {[%emt 0:03:27]} exf5 {[%emt 0:00:17]} 15. Nc5 {[%emt 0:04:30]} Nxc5 {[%emt 0:15:11]} 16. dxc5 {[%emt 0:00:06]} Ng6 {[%emt 0:00:31]} 17. Nd4 {[%emt 0:12:43]} Qd7 {[%emt 0:03:04]} 18. Qh5 {[%emt 0:17:04]} Bxd4 {[%emt 0:07:36]} 19. Qxg6+ {[%emt 0:00:32]} Qg7 {[%emt 0:00:09]} 20. Qxg7+ {[%emt 0:00:07]} Kxg7 {[%emt 0:02:11]} 21. Be3 {[%emt 0:00:29]} Bxb2 {[%emt 0:08:21]} 22. Rab1 {[%emt 0:00:13]} Bc3 {[%emt 0:00:05]} 23. Rxb7+ {[%emt 0:00:04]} Rf7 {[%emt 0:00:04]} 24. Reb1 {[%emt 0:00:10]} f4 {[%emt 0:00:05]} 25. Bc1 {[%emt 0:02:26]} Re8 {[%emt 0:00:24]} 26. Bb2 {[%emt 0:01:34]} Bxb2 {[%emt 0:04:35]} 27. R7xb2 {[%emt 0:00:04]} Re4 {[%emt 0:00:34]} 28. Rb4 {[%emt 0:03:34]} Re2 {[%emt 0:00:55]} 29. c4 {[%emt 0:02:36]} d4 {[%emt 0:01:00]} 30. R4b2 {[%emt 0:05:52]} Re5 {[%emt 0:02:06]} 31. Rd1 {[%emt 0:00:45]} Rxc5 {[%emt 0:01:43]} 32. Rxd4 {[%emt 0:00:05]} Rxa5 {[%emt 0:00:04]} 33. f3 {[%emt 0:00:25]} Rc5 {[%emt 0:03:58]} 34. Rb8 {[%emt 0:01:12]} Ra5 {[%emt 0:04:43]} 35. h4 {[%emt 0:03:41]} gxh4 {[%emt 0:04:12]} 36. Kh2 {[%emt 0:00:10]} h3 {[%emt 0:01:36]} 37. Kxh3 {[%emt 0:00:40]} Rh5+ {[%emt 0:00:32]} 38. Kg4 {[%emt 0:00:01]} Rg5+ {[%emt 0:00:01]} 39. Kh3 {[%emt 0:00:13]} Rh5+ {[%emt 0:10:14]} 40. Kg4 {[%emt 0:00:01]} Rg5+ {[%emt 0:00:05]} 41. Kh3 {[%emt 0:00:00]} Rh5+ {[%emt 0:06:34]} 1/2-1/2

[Event "V. Korchnoi Memorial 2019"]
[Site "St. Petersburg"]
[Date "2019.08.18"]
[Round "5.10"]
[White "Samusenko, Maksim"]
[Black "Gubajdullin, Alexei"]
[Result "1-0"]
[WhiteElo "2438"]
[BlackElo "2331"]
[Annotator "NA"]
[PlyCount "55"]
[EventDate "2019.08.13"]
[EventType "swiss"]
[EventCountry "RUS"]
[SourceTitle "playchess.com"]
[Source "ChessBase"]
[SourceQuality "1"]
[TimeControl "5400+30"]

1. d4 {[%emt 0:00:00]} Nf6 {[%emt 0:02:46]} 2. Nf3 {[%emt 0:00:00]} d6 {[%emt 0:02:40]} 3. Nbd2 {[%emt 0:02:56]} Bf5 {[%emt 0:03:51]} 4. Nh4 {[%emt 0:06:22]} Bg4 {[%emt 0:02:01]} 5. h3 {[%emt 0:00:31]} Bd7 {[%emt 0:00:47]} 6. Nhf3 {[%emt 0:06:23]} Nc6 {[%emt 0:06:17]} 7. e4 {[%emt 0:03:51]} e5 {[%emt 0:00:07]} 8. c3 {[%emt 0:03:03]} g6 {[%emt 0:01:33]} 9. dxe5 {[%emt 0:04:57]} Nxe5 {[%emt 0:02:28]} 10. Qb3 $11 {[%emt 0:09:41]} Nxf3+ {[%emt 0:11:13]} 11. Nxf3 {[%emt 0:02:51]} Nxe4 {[%emt 0:02:50]} 12. Bc4 {[%emt 0:09:47]} Qe7 {[%emt 0:05:38]} 13. Bxf7+ {[%emt 0:00:24]} Qxf7 {[%emt 0:13:31]} 14. Qxb7 {[%emt 0:00:09]} Qc4 {[%emt 0:00:01]} 15. Qxa8+ {[%emt 0:00:46]} Ke7 {[%emt 0:29:38]} 16. Nd2 {[%emt 0:07:30]} Nxd2 {[%emt 0:01:46]} 17. Bxd2 {[%emt 0:00:07]} Bc6 {[%emt 0:03:06]} 18. Qc8 {[%emt 0:17:04]} Bxg2 {[%emt 0:02:15]} 19. Bg5+ {[%emt 0:01:29]} Kf7 {[%emt 0:00:04]} 20. Rg1 {[%emt 0:00:34]} Qe4+ {[%emt 0:05:44]} 21. Be3 {[%emt 0:01:52]} Bf3 {[%emt 0:00:09]} 22. Qxc7+ {[%emt 0:04:57]} Be7 {[%emt 0:00:13]} 23. Kd2 {[%emt 0:02:50]} Qe6 {[%emt 0:01:23]} 24. Rg3 {[%emt 0:03:27]} Bh5 {[%emt 0:01:05]} 25. Re1 {[%emt 0:01:29]} Rc8 {[%emt 0:00:28]} 26. Qb7 {[%emt 0:00:35]} Qxa2 {[%emt 0:00:52]} 27. Bg5 {[%emt 0:00:46]} Rc7 {[%emt 0:00:31]} 28. Rxe7+ {[%emt 0:00:20]} 1-0